000 00317nam a2200133Ia 4500
005 20251222143249.0
008 251222s9999||||xx |||||||||||||| ||spa||
020 _a84-331-0698-8
082 _a372.218/A77
100 _aArranz, Juan Diego
245 0 _aJuegos al Aire:
264 _bEscuela EspaƱola
942 _cLIB
999 _c14884
_d14884